LEADER 01226nam a2200253 a 4500 001 000000108072 003 CaOOAMICUS 005 20071107095151.0 008 071107s2007 it m 000 0 spa d 040 $aPUL$bita$dLDB 100 1 $aMoreno Bravo, Augustin Paulo.$0(OLS)http://pul/name/66286 245 13$aLa visíon ética de la empresa a la luz de la Centesimus annus /$cAugustín P. Moreno Bravo. 260 $aRoma :$bPontificia Università Lateranense,$c2007. 300 $a263 p. ;$c24 cm. 500 $a"Theses ad Doctoratum in S. Theologia". 502 $aDiss. (Doct.)--Pontificia Università Lateranense, 2007. 504 $aBibliografia: p. 246-259. 610 24$aPapi (1978-2005 : Iohannes Paulus PP. II).$tCentesimus annus.$0(OLS)http://pul/subject/19578 650 14$aEconomia e religione.$0(OLS)http://pul/subject/19411 850 $aPUL 852 $aPUL$W1$xDP1 Tesi Pon Univ. Lateranense$y41$mTH PUL 1544$j122960$qTesi$B121939$CPULBib$Z2$F121939 $H105368 $82 941 1 $a16 996 $6245$aLa visíon ética de la empresa a la luz de la Centesimus annus$9(OLS)http://pul/title/136032 996 $6260$aRoma :$bPontificia Università Lateranense$9(OLS)http://pul/publisher/47963 LEADER 01986namaa2200397 i 4500 001 000000177168 003 CaOOAMICUS 005 20240903105845.0 008 240903s2019 it u000 u ita r 020 $a978-88-308-1697-8* 032 $aLibriCat 040 $aPUL$bita$erda 082 04$a241.66 110 2 $aAssociazione Teologica Italiana per lo Studio della Morale.$bSeminario nazionale$n(10$d2017$cAlghero).$0(OLS)http://pul/name/113905 245 00$aSessualità, differenza sessuale, generazione : $ba cinquant'anni da Humanae vitae ; Atti del XXVII Congresso nazionale dell'ATISM (Torino, 3-6- luglio 2018)$ca cura di Salvatore Cipressa. 250 $aPrima edizione. 260 $aAssisi :$bCittadella,$c©2019. 300 $a194 pagine ;$c21 cm 336 $atesto$2rdacontent 337 $asenza mediazione$2rdamedia 338 $avolume$2rdacarrier 490 1 $aQuestioni di etica teologica 504 $aInclude riferimenti bibliografici. 610 24$aPapi (1963-1978 : Paulus PP. VI).$tHumanae vitae.$0(OLS)http://pul/subject/13622 650 4$aTeologia morale$xCongressi.$0(OLS)http://pul/subject/19785 650 4$aSesso$xAspetti morali e religiosi.$0(OLS)http://pul/subject/6711 700 1 $aCipressa, Salvatore,$csac.,$d1961-$0(OLS)http://pul/name/48657 830 0$aQuestioni di etica teologica.$0(OLS)http://pul/title/106064 850 $aPUL 852 $aPUL$W1$xSL Religione 3$y85$m241. 66 CIPSA 1$j201152$qDDC 21$B206119$CPULBib$Z2$F206119 $Hnull $82 941 1 $a9 996 $6020$a978-88-308-1697-8*$9(OLS)http://pul/number/169996 996 $6082$a241.66$9(OLS)http://pul/classification/2126 996 $6245$aSessualità, differenza sessuale, generazione : $ba cinquant'anni da Humanae vitae ; Atti del XXVII Congresso nazionale dell'ATISM (Torino, 3-6- luglio 2018)$9(OLS)http://pul/title/218681 996 $6260$aAssisi :$bCittadella$9(OLS)http://pul/publisher/49668